VEGETATIVE PROPAGATION OF HYMENAEA COURBARIL L. AND APULEIA LEIOCARPA (VOGEL) J. F. MACBR. BY MINI-CUTTING (Registro n. 329988)
[ somente texto ]
| 000 -LÍDER | |
|---|---|
| fixed length control field | 04785nab a2200313 i 4500 |
| 003 - CÓDIGO MARC DA AGÊNCIA CATALOGADORA | |
| Campo de controle | BR-BrBNA |
| 005 - DATA E HORA DA ÚLTIMA ATUALIZAÇÃO | |
| Campo de controle | 20250214164554.0 |
| 008 - CAMPO DE TAMANHO FIXO | |
| fixed length control field | 250214b2020 bl.ar|pooa||| 00| 0 eng | |
| 040 ## - FONTE DA CATALOGAÇÃO | |
| Agência catalogadora | BR-BrBNA |
| Idioma da catalogação | eng |
| 072 ## - CATEGORIA AGRIS | |
| Código AGRIS | K10 |
| Código do objeto | 3290 |
| 100 ## - ENTRADA PRINCIPAL - NOME PESSOAL | |
| Nome pessoal | Freire, Juliana Muller |
| 100 ## - ENTRADA PRINCIPAL - NOME PESSOAL | |
| Nome pessoal | Veríssimo, Letícia Nakamura |
| 100 ## - ENTRADA PRINCIPAL - NOME PESSOAL | |
| Nome pessoal | Pereira, Beatriz Rodrigues |
| 100 ## - ENTRADA PRINCIPAL - NOME PESSOAL | |
| Nome pessoal | Rouws, Janaína Ribeiro Costa |
| 100 ## - ENTRADA PRINCIPAL - NOME PESSOAL | |
| Nome pessoal | Arthur Junior, José Carlos |
| 245 ## - TÍTULO PRINCIPAL | |
| Título principal | VEGETATIVE PROPAGATION OF HYMENAEA COURBARIL L. AND APULEIA LEIOCARPA (VOGEL) J. F. MACBR. BY MINI-CUTTING |
| 500 ## - NOTA GERAL | |
| Nota geral | Publicação on-line; 42 ref.; 3 tables; Sumaries (En, Pt) |
| 942 ## - ADDED ENTRY ELEMENTS (KOHA) | |
| Koha item type | Analítica |
| 520 ## - NOTA DE RESUMO | |
| Nota de conteúdo | <br/><br/>ABSTRACT – The objective of this work was to evaluate the vegetative propagation of Hymenaea courbaril(jatobá) and Apuleia leiocarpa (garapa) using the mini-cutting technique with the use of indolebutyric acid (IBA) growth regulator in diff erent types of mini-cuttings. Two experiments were set up: the fi rst involving the two species and three mini-cutting techniques (basal, intermediate and apical) in the presence and absence of IBA (4000 mg kg-1). In the second experiment, only the garapa species was evaluated by testing the same three mini-cutting techniques at four IBA concentrations: 0, 1000, 2000 and 4000 mg kg-1. The mini-cuttings were obtained from 6-month-old seedlings produced from seeds in a nursery. A randomized block design was used in a 3 x 2 x 3 factorial scheme (three mini-cutting techniques, two IBA concentration levels and three evaluation dates) in the fi rst experiment, and a 3 x 4 x 3 factorial scheme (three mini-cutting techniques, four IBA concentrations and three evaluation dates) in the second experiment. At 90 days, jatobá had an average survival of 54%, with less than 5% of total rooting, without signifi cant infl uence of the mini-cutting technique or IBA use. Garapa presented higher survival for the basal mini-cuttings in both experiments, which were the only ones that took root. IBA did not infl uence survival or rooting percentage of garapa mini-cuttings, but negatively infl uenced the root number, length and dry mass. We concluded that the basal mini-cutting is a viable technique for vegetative propagation of garapa, presenting 40% of rooting, but the propagation by minicutting for jatobá was not successful under the conditions of this study.<br/><br/>Keywords: Rooting; auxin; Fabaceae. |
| 520 ## - NOTA DE RESUMO | |
| Nota de conteúdo | <br/><br/>RESUMO – O trabalho teve como objetivo avaliar a propagação vegetativa de Hymenaea courbaril (jatobá) e Apuleia leiocarpa (garapa) por meio da técnica de miniestaquia com o uso do regulador de crescimento, ácido indolbutírico (AIB), em diferentes tipos de miniestacas. Foram montados dois experimentos, o primeiro envolvendo as duas espécies, três tipos de miniestacas (basais, intermediárias e apicais), na presença e ausência de AIB (4000 mg kg-1). No segundo experimento, avaliou-se apenas a espécie garapa testando-se os mesmos três tipos de miniestacas em quatro concentrações de AIB: 0, 1000, 2000 e 4000 mg kg-1. As miniestacas foram obtidas a partir de mudas de 6 meses de idade, produzidas em viveiro a partir de sementes. Utilizou-se delineamento em blocos casualizados no esquema fatorial 3 x 2 x 3 (três tipos de miniestacas, dois níveis de AIB e três datas de avaliação) no primeiro experimento, e 3 x 4 x 3 (três tipos de miniestacas, quatro concentrações de AIB e três datas de avaliação) no segundo experimento. Aos 90 dias, o jatobá apresentou sobrevivência média de 54%, com menos de 5% de enraizamento total, sem infl uência signifi cativa do tipo de miniestaca ou do uso do AIB. Em ambos os experimentos a garapa apresentou maior sobrevivência para as miniestacas basais, que foram as únicas que enraizaram. O AIB não infl uenciou a sobrevivência e o percentual de enraizamento de miniestacas da garapa, porém infl uenciou de forma negativa o número, comprimento e massa seca de raiz. Conclui-se para garapa que a miniestaquia, a partir das miniestacas basais se mostrou uma técnica viável, com 40% de enraizamento, porém para jatobá, nas condições do estudo, a propagação por miniestaquia não teve sucesso.<br/><br/>Palavras-Chave: Enraizamento; Auxina; Fabaceae.<br/> |
| 650 ## - ASSUNTO - THESAGRO | |
| Cabeçalho tópico ou nome geográfico | JATOBÁ |
| 650 ## - ASSUNTO - THESAGRO | |
| Cabeçalho tópico ou nome geográfico | GRAPIAPUNHA |
| 650 ## - ASSUNTO - THESAGRO | |
| Cabeçalho tópico ou nome geográfico | ENRAIZAMENTO |
| 650 ## - ASSUNTO - THESAGRO | |
| Cabeçalho tópico ou nome geográfico | PROPAGAÇÃO VEGETATIVA |
| 650 ## - ASSUNTO - THESAGRO | |
| Cabeçalho tópico ou nome geográfico | AUXINA |
| 773 0# - ENTRADA ANALÍTICA | |
| Host Biblionumber | 812 |
| Registro do item | 346927 |
| Imprenta | Viçosa-MG Sociedade de Investigações Florestais - Universidade Federal de Viçosa. Depto. de Engenharia Florestal 1977 |
| Outro identificador | 2024-7725 |
| Título | Revista Árvore (Brazil) |
| ISSN | 0100-6762 |
| Colação | v. 44 p. 1-11 ; (2020) |
| Número de controle de registro | BR2024004763 |
| 856 ## - ACESSO E ENDEREÇO ELETRÔNICO | |
| Identificador uniforme de recurso - URI | https://www.scielo.br/j/rarv/a/jmkRtsmPVz67Nf3CMK8QYJs/?format=pdf&lang=en |
Nenhum exemplar disponível.

BINAGRI